| 000 | 00698nam a2200205 a 4500 | ||
|---|---|---|---|
| 001 | 4665 | ||
| 003 | CDMR | ||
| 005 | 20131204154829.0 | ||
| 008 | 130130s1987||||||||||||||||||||||||||||d | ||
| 040 |
_aCDMR _bcat _cCDMR |
||
| 245 | 0 |
_aGrandes periodistas olvidados _b: Cañamaque, Bonafoux, Lerroux, Cansinos Assens, Urgoiti, Ortega i Gasset, Araquistain, Arconada, Zugazagoitia, Soria |
|
| 260 |
_aMadrid _c1987 _bFundación Banco Exterior |
||
| 300 |
_a179 p ; _c23 cm |
||
| 490 | 0 | _aSeminarios y Cursos | |
| 650 | 0 | 4 |
_aPremsa _zEspanya _92742 |
| 650 | 0 | 4 |
_aPeriodistes _zEspanya _93726 |
| 650 | 0 | 4 |
_aPeriodistes _93074 _vBiografia |
| 700 | 1 |
_aMartínez, Jesús Manuel _eed. lit. _92743 |
|
| 942 |
_cMON _2udc |
||
| 999 |
_c6636 _d6636 |
||